|
|
|
|
| LEADER |
00000cam a2200000 i 4500 |
| 001 |
1/102599 |
| 008 |
000225s1992 gr | ||| |||| ||gre|| |
| 020 |
|
|
|a 9602780339
|
| 035 |
|
|
|l 10058147
|
| 040 |
|
|
|a GR-MyUA
|b gre
|e AACR2
|
| 041 |
1 |
|
|a gre
|h eng
|
| 082 |
0 |
|
|a 793.307
|
| 100 |
1 |
|
|a Missmahl, Inge.
|
| 245 |
1 |
0 |
|a Τζάζ μοντέρνος χορός /
|c Inge Missmahl ; επιμέλεια και μετάφραση Ελένη Φλεμετάκη.
|
| 260 |
|
|
|a Αθήνα :
|b Salto,
|c 1992.
|
| 500 |
|
|
|a Τίτλος πρωτοτύπου: Jazztanz.
|
| 650 |
0 |
0 |
|a Jazz dance.
|
| 650 |
0 |
0 |
|a Jazz dance
|x Study and teaching.
|
| 700 |
1 |
|
|a Φλεμετάκη, Ελένη,
|e edtf
|e trlf
|
| 852 |
|
|
|a INST
|b RHODES
|e 20000225
|h 793.307 MIS
|p 005400013861
|q 005400013861
|t BK
|y 0
|
| 901 |
|
|
|a BIBL4-2000-1
|
| 909 |
|
|
|a Ρ
|b 072401
|
| 922 |
|
|
|a 4ΕΛΗ
|b 199912
|c 123/ΜΙΚΙΟΖΟΣ
|d EMVASSIS
|
| 970 |
|
|
|a ΚΟΥΛΑΚΙΟΤΗ
|b ΛΙΤΣΑ
|z 2000/02/25
|